Capital Name Slot Machine Quiz Stats

 Plays Quiz Updated Apr 25, 2016

Challenge
Share
Tweet
Score 0/25 Timer 05:00
1 Play Today
% Correct
Abu
95.3%
Ba
79%
Bag
78%
He
77%
Tbi
72%
Za
66.7%
San
65%
Vi
62.2%
Wa
60.9%
Bis
60.1%
Sk
59.7%
Win
59.1%
Ca
58.5%
% Correct
Al
57.6%
Vi
57.5%
Te
55.4%
Ri
54.9%
Sa
51.1%
Ka
48.9%
Be
47.9%
Gab
46.9%
Lil
44.1%
Con
43.1%
Fu
41.6%
Ta
32.5%

You're not logged in!

Compare scores with friends on all Sporcle quizzes.
OR
Log In

You Might Also Like...

Show Comments

Extras

Top Quizzes Today


Score Distribution

Your Account Isn't Verified!

In order to create a playlist on Sporcle, you need to verify the email address you used during registration. Go to your Sporcle Settings to finish the process.

Report this User

Report this user for behavior that violates our Community Guidelines.

Details: